100 tình huống pháp lý dân sự

Nội dung tài liệu giới thiệu 100 tình huống pháp lý tiêu biểu thường gặp trong đời sống về dân sự như: chủ thể quan hệ pháp luật dân sự, tài sản và quyền sở hữu, hợp đồng dân sự, trách nhiệm bồi thường thiệt hại ngoài hợp đồn...

Descrizione completa

Salvato in:
Dettagli Bibliografici
Autore principale: Tăng, Thanh Phương
Natura: Libro
Lingua:Undetermined
Pubblicazione: Cần Thơ Đại học Cần Thơ 2014
Soggetti:
Tags: Aggiungi Tag
Nessun Tag, puoi essere il primo ad aggiungerne! !
Thư viện lưu trữ: Trung tâm Học liệu Trường Đại học Cần Thơ
LEADER 01058nam a2200217Ia 4500
001 CTU_201463
008 210402s9999 xx 000 0 und d
020 |c 25000 
082 |a 347.597 
082 |b Ph561 
100 |a Tăng, Thanh Phương 
245 0 |a 100 tình huống pháp lý dân sự 
245 0 |c Tăng Thanh Phương (Chủ biên) 
260 |a Cần Thơ 
260 |b Đại học Cần Thơ 
260 |c 2014 
520 |a Nội dung tài liệu giới thiệu 100 tình huống pháp lý tiêu biểu thường gặp trong đời sống về dân sự như: chủ thể quan hệ pháp luật dân sự, tài sản và quyền sở hữu, hợp đồng dân sự, trách nhiệm bồi thường thiệt hại ngoài hợp đồng, thừa kế, sở hữu trí tuệ 
650 |a Civil law,Luật dân sự 
650 |z Vietnam,Việt Nam 
904 |i Bằng 
980 |a Trung tâm Học liệu Trường Đại học Cần Thơ